MyGZULibrary

Sociologists in action : (Record no. 7362)

MARC details
000 -LEADER
fixed length control field 01537cam a2200373 i 4500
001 - CONTROL NUMBER
control field 17626333
003 - CONTROL NUMBER IDENTIFIER
control field GZU
005 - DATE AND TIME OF LATEST TRANSACTION
control field 20210510095220.0
008 - FIXED-LENGTH DATA ELEMENTS--GENERAL INFORMATION
fixed length control field 130214s2013 cau b 001 0 eng
010 ## - LIBRARY OF CONGRESS CONTROL NUMBER
LC control number 2013006139
020 ## - INTERNATIONAL STANDARD BOOK NUMBER
International Standard Book Number 9781452203119 (pbk. : alk. paper)
040 ## - CATALOGING SOURCE
Original cataloging agency DLC
Language of cataloging eng
Transcribing agency DLC
Description conventions rda
Modifying agency DLC
042 ## - AUTHENTICATION CODE
Authentication code pcc
050 00 - LIBRARY OF CONGRESS CALL NUMBER
Classification number HM585 SOC 2014
Item number .S6157 2013
082 00 - DEWEY DECIMAL CLASSIFICATION NUMBER
Classification number 301
Edition number 23
100 1# - MAIN ENTRY--PERSONAL NAME
Personal name Korgen, Kathleen Odell,
Dates associated with a name 1967-
245 10 - TITLE STATEMENT
Title Sociologists in action :
Remainder of title sociology, social change, and social justice /
Statement of responsibility, etc. editors Kathleen Odell Korgen, William Paterson University, Jonathan M. White, Bentley University, Shelley K. White, Worcester State University.
250 ## - EDITION STATEMENT
Edition statement 2 edition.
264 #1 - PRODUCTION, PUBLICATION, DISTRIBUTION, MANUFACTURE, AND COPYRIGHT NOTICE
Place of production, publication, distribution, manufacture Los Angeles :
Name of producer, publisher, distributor, manufacturer SAGE,
Date of production, publication, distribution, manufacture, or copyright notice [2014]
300 ## - PHYSICAL DESCRIPTION
Extent xii, 305 pages ;
Dimensions 23 cm
336 ## - CONTENT TYPE
Content type term text
Source rdacontent
337 ## - MEDIA TYPE
Media type term unmediated
Source rdamedia
338 ## - CARRIER TYPE
Carrier type term volume
Source rdacarrier
500 ## - GENERAL NOTE
General note Includes bibliography
504 ## - BIBLIOGRAPHY, ETC. NOTE
Bibliography, etc. note Includes bibliographical references and index.
650 #0 - SUBJECT ADDED ENTRY--TOPICAL TERM
Topical term or geographic name entry element Sociology.
650 #0 - SUBJECT ADDED ENTRY--TOPICAL TERM
Topical term or geographic name entry element Sociologists.
650 #0 - SUBJECT ADDED ENTRY--TOPICAL TERM
Topical term or geographic name entry element Social action.
700 1# - ADDED ENTRY--PERSONAL NAME
Personal name White, Jonathan M.
Fuller form of name (Jonathan Michael)
700 1# - ADDED ENTRY--PERSONAL NAME
Personal name White, Shelley.
906 ## - LOCAL DATA ELEMENT F, LDF (RLIN)
a 7
b cbc
c orignew
d 1
e ecip
f 20
g y-gencatlg
942 ## - ADDED ENTRY ELEMENTS (KOHA)
Source of classification or shelving scheme Library of Congress Classification
Koha item type Books
Edition 2nd ed.
Classification part 585
Item part SOC
Call number prefix HM
Holdings
Withdrawn status Lost status Damaged status Not for loan Collection code Home library Current library Shelving location Date acquired Total Checkouts Full call number Barcode Date last seen Date last checked out Copy number Price effective from Koha item type
        Non-fiction Gender Resource Centre Gender Resource Centre General Stacks 05/10/2021 1 HM585 SOC 2014 001280 05/06/2025 04/28/2025 c.1 05/10/2021 Books